250 Complete letter writer

Bibliographic Details
Main Author: Shanker, V.
Format: Book
Published: Singapore : SSMB , 1992
Subjects:

MARC

LEADER 00000cam a2200000 7i4500
001 0000006516
002 000007029
005 20000330.0
020 |a 9182070281 
090 0 0 |a 808.6   |b SHA 
100 1 |a Shanker, V. 
245 1 0 |a 250 Complete letter writer   |c V.Shanker 
260 |a Singapore :   |b SSMB ,   |c 1992 
300 |a 260p. ;   |c 21cm. 
650 0 0 |a Letter writing, English 
999 |a 040022   |b BUKU   |c PINJAMAN   |e PERPUSTAKAAN KOMUNITI PETALING JAYA 
999 |a 040023   |b BUKU   |c PINJAMAN   |e PERPUSTAKAAN KOMUNITI PETALING JAYA